Tratado general de geopolítica el factor geográfico y el proceso histórico (Registro nro. 11012)

Detalles MARC
000 -ENCABEZADO
Número de control [NR] 00747nam a2200205Ia 4500
008 - DE LONGITUD FIJA DE DATOS DE ELEMENTOS - INFORMACIÓN GENERAL
Elementos de longitud fija [NR] 130821s1972 sp ab gr spa
040 ## - FUENTE DE CATALOGACION [NR]
Quien Cataloga
Quien Clasifica Aldemar Mondragón (modificó)
Agencia de catalogación original [NR] CO-BoUCM
Idioma de catalogación [NR] spa
041 ## - CODIGO DE IDIOMA [R]
Código de idioma para texto/pista de sonido o título separado [R] Español
100 1# - ASIENTO PRINCIPAL--NOMBRE PERSONAL [NR]
Nombre personal [NR] Vicens-Vives, Jaume
Fechas asociadas con el nombre [NR] 1910-1960
ID Autoridad 29523
245 10 - MENCION DE TITULO [NR]
Título [NR] Tratado general de geopolítica el factor geográfico y el proceso histórico
Mención de responsabilidad, etc. [NR] J. Vicens-Vives
250 ## - MENCION DE EDICION [NR]
Mención de edición [NR] 3a ed
260 ## - PUBLICACION, DISTRIBUCION, ETC. (PIE DE IMPRENTA) [R]
Lugar de publicación, distribución, etc. [R] Barcelona (España)
Nombre del editor, distribuidor, etc. [R] Vicens-Vives
Fecha de publicación, distribución, etc. [R] 1972
300 ## - DESCRIPCION FISICA [R]
Extensión [R] 242 páginas
Otros detalles físicos [NR] mapas
500 ## - NOTA GENERAL [R]
Nota general [NR] Incluye toponímico
650 ## - ASIENTO SECUNDARIO DE MATERIA - TERMINO TEMATICO [R]
Término temático o nombre geográfico como elemento de entrada [NR] Ciencia política
9 (RLIN) 340
650 #7 - ASIENTO SECUNDARIO DE MATERIA - TERMINO TEMATICO [R]
Término temático o nombre geográfico como elemento de entrada [NR] Geografía humana
9 (RLIN) 16350
650 #7 - ASIENTO SECUNDARIO DE MATERIA - TERMINO TEMATICO [R]
Término temático o nombre geográfico como elemento de entrada [NR] Geopolítica
9 (RLIN) 215
942 ## - ELEMENTOS DE ENTRADA AGREGADOS (KOHA)
Tipo de ítem principal el descrito en 300a Libro
Tema principal Ciencia política
Edición 3
Parte restante de la signatura top. V632t
Sistema de clasificación DEWEY
Clasificación 320.12
Existencias
Fecha de último préstamo Total préstamos Total Renewals Signatura topográfica Código de barras Última vez visto Volúmen / Fascículo Ejemplar Price effective from Tipo de ítem Perdido Sistema de clasificación Dañado No prestable Tipo de ítem específico Suprimido Ubicación habitual Ubicación actual Localización Fecha de creación Forma de adquisición Costo
26/01/2018 6 3 320.12 V632t 100131205 05/06/2024 3a. Ed. Ej.2 18/02/2013 Libro   DEWEY     Libro   Bodega Bodega 3er piso 22/01/2013 Compra 89657.00